History Quiz

Random History or Grab Bag Quiz

Criteria Sorting Gallery: Americana Quiz Stats

 Plays Quiz Updated Jun 23, 2019

Support Sporcle.
Go Orange.
Score 0/21 Timer 06:00
1 Play Today
% Correct
???
99.6%
???
87%
???
83%
???
68%
???
65.4%
???
65.1%
???
62.4%
???
55.2%
???
50.6%
???
45.1%
???
44.8%
% Correct
???
43.2%
???
40.5%
???
38.2%
???
38.1%
???
34.5%
???
32.7%
???
32%
???
27%
???
27%
???
27%

You're not logged in!

Compare scores with friends on all Sporcle quizzes.
OR
Log In

From the Vault

Curry, James, or Both?

by BoggelTeam

We like our curry with a healthy sprinkle of really tall basketball players.
Remove Ads.
Support Sporcle.
Get the best of Sporcle when you Go Orange. This ad-free experience offers more features, more stats, and more fun while also helping to support Sporcle. Thank you for becoming a member.

Show Comments

Extras

Top Quizzes Today


Score Distribution

Your Account Isn't Verified!

In order to create a playlist on Sporcle, you need to verify the email address you used during registration. Go to your Sporcle Settings to finish the process.

Report this User

Report this user for behavior that violates our Community Guidelines.

Details: